|
|
|
|
| LEADER |
01310nam a2200325 a 4500 |
| 001 |
2025 |
| 003 |
BD-DhAAL |
| 005 |
20130820145719.0 |
| 008 |
130820s1982 ii a b 000 0 eng d |
| 010 |
|
|
|a 84903476
|
| 040 |
|
|
|a DLC
|c DLC
|d DLC
|d BD-DhAAL
|
| 050 |
0 |
0 |
|a HD82
|b .C66 1982
|
| 082 |
0 |
0 |
|a 301/.01
|2 20
|
| 245 |
0 |
0 |
|a Creating knowledge :
|b a monopoly? /
|c [edited by] Budd Hall, Arthur Gillette, Rajesh Tandon.
|
| 260 |
|
|
|a New Delhi :
|b Society for Participatory Research in Asia,
|c 1982.
|
| 300 |
|
|
|a viii, 209 p. :
|b ill. ;
|c 23 cm.
|
| 490 |
|
|
|a Participatory research network series ;
|v no. 1
|
| 504 |
|
|
|a Includes bibliographical references.
|
| 520 |
|
|
|a Contributed articles.
|
| 541 |
|
|
|e 2025
|
| 650 |
|
0 |
|a Economic development
|x Sociological aspects
|x Research.
|9 2708
|
| 650 |
|
0 |
|a Rural development
|x Sociological aspects
|x Research.
|9 2709
|
| 650 |
|
0 |
|a Social sciences
|x Research
|x Methodology.
|9 2243
|
| 700 |
1 |
|
|a Hall, Budd L.
|9 2710
|
| 700 |
1 |
|
|a Gillette, Arthur,
|d 1938-
|9 2711
|
| 700 |
1 |
|
|a Tandon, Rajesh.
|9 2694
|
| 942 |
|
|
|2 ddc
|c BK
|
| 955 |
|
|
|a BG00 4/12/85; BG00 4/17/85; fb13 5-8-85
|
| 999 |
|
|
|c 13867
|d 13867
|
| 952 |
|
|
|0 0
|1 0
|2 ddc
|4 0
|6 301_010000000000000_CRE
|7 0
|9 23205
|a BRACUL
|b BRACUL
|c GEN
|d 2013-08-20
|g 0.00
|l 0
|o 301.01 CRE
|p 3010002025
|r 2013-08-20
|t 1
|w 2013-08-20
|y BK
|z Not price in Register
|